FC Joueurs en E - Statistiques

Statistiques générales
  • Ce quiz a été pris 64 fois
  • Le résultat moyen est 5 sur 11
Statistiques - réponses
Poste Nationalité 2 Clubs phares Joueur % Correct
G Brésil Benfica Lisbonne/Man City Ederson
96%
BUD Cameroun FC Barcelone/Inter Milan Samuel Eto'o
86%
MCG Ghana Réal Madrid/Chelsea Michael Essien
75%
DD Brésil FC Barcelone/Tottenham Emerson
63%
MD Suède Man United/Nottingham Forest Anthony Elanga
45%
BUG Maroc CD Léganés/FC Séville Youssef En-Nesyri
45%
MCD Macédoine Napoli/RB Leipzig Eljif Elmas
39%
DCG Suisse FC Zürich/Borussia Mönchengladbach Nico Elvedi
29%
MG Maroc FC Barcelone/FC Séville Munir El Haddadi
18%
DG Gabon Girondins Bordeaux/SCO Angers Jacques Ekomié
5%
DCD Croatie US Sassuolo/Bologne Martin Erlic
5%
Aucun quiz correspondant
Distribution des résultats
% des personnes avec chaque résultat
Percentile par nombre de réponses
Votre historique - résultats
Vous n’avez pas pris ce quiz